000 00685cam a22002411 4500
001 sa 68017350
003 DLC
005 20260227112702.0
008 720614s1960 xx 000 0 ind
010 _asa 68017350
035 _a(OCoLC)331971
040 _aDLC
_cOAU
_dOCoLC
_dDLC
042 _apremarc
050 0 0 _aGV1111
_b.L499
100 1 _aLiem, Yoe Kiong.
245 1 0 _aSedjarah ilmu silat di Indonesia.
260 _a[n. p.,
_c196-]
300 _a21 l.
_c34 cm.
490 1 _aHis Seri kitab-kitab ilmu silat jang bermutu,
_v8
500 _aCover title.
650 0 _aHand-to-hand fighting.
800 1 _aLiem, Yoe Kiong.
_tSeri kitab-kitab ilmu silat jang bermutu,
_v8.
999 _c87675
_d87675